000 009700000a22002050004500
001 768714001
003 CO-MdFUSB
005 20161123151907.0
008 161123s1997 sp ||||| |||| 00| 0 eng d
022 _a0014-1437
040 _aCO-MdFUSB
_bspa
_cCO-MdFUSB
_dCO-MdFUSB
041 _aeng
100 1 _aKilgallen, John J.
_eautor
245 1 0 _aActs 13:4-12 :
_bThe Role of the Magos
300 _aVolumen 55. Número 2 (1997), Páginas 223-237
_c23 cm.
520 _aHch. 13:4-12 no prueba que en Lucas se dé una tendencia antijudía generalizada ni constituye una muestra de cómo la oferta de salvación pasa de los judíos a los gentiles. El presente estudio defiende que la intensión real de Lucas en este relato es ofrecer un rotundo ejemplo de la continua oposición a Jesús por parte de los Judíos.
546 _aTexto en Inglés
773 0 _tEstudios Bíblicos
_049452
_960477
_gVolumen 55. Número 2 (1997), Páginas 223-237
_qPágina 223
942 _cANA
999 _c50177
_d50177